| 000 | 00488nam a2200181Ia 4500 | ||
|---|---|---|---|
| 001 | 22749 | ||
| 005 | 20260414150851.0 | ||
| 008 | 260414t2019||||xx |||||||||||||| ||spa|| | ||
| 041 | _aESP | ||
| 082 |
_a621.436 _bP23 |
||
| 100 |
_aPandal Blanco, Adrián _eAUT |
||
| 245 | 0 |
_aModelado euleriano de flujo bifásico para el cálculo CFD de chorros diésel _b |
|
| 260 | _c2019 | ||
| 300 |
_axiii, 238 páginas : _c23 cm. |
||
| 650 | _aTCA | ||
| 654 | _aCET | ||
| 942 |
_cLIB _dJUS _fJUS _2ddc _n |
||
| 999 |
_c22749 _d22749 |
||